| 000 | 00618nam a2200229Ia 4500 | ||
|---|---|---|---|
| 003 | OSt | ||
| 005 | 20221007081833.0 | ||
| 006 | a|||||r|||| 00| 0 | ||
| 007 | ta | ||
| 008 | 221006b |||||||| |||| 00| 0 eng d | ||
| 024 | _a27,010 | ||
| 037 | _cReports / Technical Reports | ||
| 040 |
_aFLL _cFLL _beng |
||
| 041 |
_2eng _aeng |
||
| 082 | _aZ2k, H0 | ||
| 100 |
_aPrem Daulat Ram _9682875 |
||
| 245 | 0 | _aLaw of India | |
| 260 |
_aPunjab _bArora Law House India _c1940 |
||
| 300 |
_aii,1328p _ccm. |
||
| 942 |
_hZ2k, H0 _cREP _2CC |
||
| 999 |
_c1164439 _d1164439 |
||